Sayings On Flags - Statistics

General Stats
  • This quiz has been taken 12 times
  • The average score is 3 of 12
Answer Stats
Saying Country % Correct
ORDEM E PROGRESSO Brazil
91%
REPUBLICA DE [country] AMERICA CENTRAL Nicaragua
73%
L'UNION FAIT LA FORCE Haiti
18%
FOR GALLANTRY Malta
18%
REPUBLICA DE [country] Paraguay
18%
LIBERTAS San Marino
18%
PLUS ULTRA Spain
18%
VIRTUS UNIDA FORTIOR Andorra
9%
SUB UMBRA FLOREO Belize
9%
DIOS PATRIA LIBERTAD Dominican Republic
9%
UNIDAD PAZ JUSTICIA Equatorial Guinea
9%
LIBERTAD 15 DE SEPTIEMBRE DE 1821 Guatemala
9%
No matching quizzes found
Score Distribution
Percent of People with Each Score
Percentile by Number Answered
Your Score History
You have not taken this quiz